Todos los fuegos el fuego
Gardado en:
| Autor Principal: | |
|---|---|
| Formato: | Libro |
| Idioma: | Lingua castelá |
| Publicado: |
Barcelona
Sol 90
2001
|
| Series: | La Biblioteca Argentina. Serie Clásica
|
| Subjects: | |
| Tags: |
Engadir etiqueta
Sen Etiquetas, Sexa o primeiro en etiquetar este rexistro!
|
MARC
| LEADER | 00000nam a2200000 a 4500 | ||
|---|---|---|---|
| 001 | UCL6572 | ||
| 003 | CL-VaPUC | ||
| 008 | 040416e20010000SP |||||||||||||||||spa|d | ||
| 020 | |a 8495594587 | ||
| 082 | 0 | 4 | |a Ar863 |b COR |2 21 |
| 100 | |a Cortázar, Julio, |d 1914-1984 |e author |9 347319 | ||
| 245 | 1 | 0 | |a Todos los fuegos el fuego |
| 300 | |a 136 p | ||
| 942 | |c BK | ||
| 945 | |d 20040416 00:00:00 |a cmena | ||
| 260 | |a Barcelona |b Sol 90 |c 2001 | ||
| 650 | 0 | |a Novelas argentinas |9 267871 | |
| 650 | 0 | |a Literatura argentina |9 320596 | |
| 583 | |a last modification |c 20040416 00:00:00 |k Rodrigo Vera | ||
| 490 | 0 | |a La Biblioteca Argentina. Serie Clásica | |
| 999 | |c 308574 |d 308572 | ||
| 952 | |0 0 |1 0 |4 0 |6 AR_863_000000000000000_COR_2001 |7 0 |8 A |9 375188 |a BIBART |b BIBART |d 2019-11-21 |i 399161K |o Ar863 COR 2001 |p 399161K |r 2025-03-13 |w 2019-11-21 |y BK |k ART | ||